000 00822nam a2200265 a 4500
001 32407
003 BD-RjUL
005 20211209051830.0
008 140426t1987 ii 001 0 eng d
020 _a8185119260
035 _a(BD-RjUL)32496
040 _aDLC
_beng
_cDLC
_dBD-RjUL
041 _aeng
082 0 4 _a297.0954
_bHAM 1987
100 1 _aHasan, Qamar,
_d1939-
_998588
245 1 0 _aMuslims in India :
_battitudes, adjustments and reactions /
_cQamar Hasan
260 _aNew Delhi :
_bNorthern Book Centre,
_cc1987.
300 _aix, 252 p. ;
_c25 cm
500 _a"First published: 1988"--Jacket
504 _aIncludes index.
650 0 _aMuslims
_zIndia
_xPsychology.
_998589
650 0 _aMuslims
_zIndia
_xSocial conditions.
_998570
651 0 _aIndia
_xSocial conditions
_y1947-
_998590
942 _2ddc
_cBK
999 _c32407
_d32407